Statistics for Languages Of Canada

Click here to take the quiz!

General Stats

  • This quiz has been taken 21 times
  • The average score is 9 of 31

Answer Stats

TypeLanguages% Correct
OfficialEnglish
100%
OfficialFrench
100%
IndigenousInuit
64%
Northwest TerritoriesCree
57%
RegionalGerman
43%
RegionalUkrainian
43%
NunavutInuktitut
36%
Northwest TerritoriesInuktitut
36%
RegionalRussian
36%
IndigenousHaida
29%
Northwest TerritoriesDogrib
21%
Northwest TerritoriesGwich’in
21%
Northwest TerritoriesInuvialuktun
21%
RegionalIrish
21%
Nova ScotiaMi’kmaq
21%
Northwest TerritoriesSlavey
21%
IndigenousAlgic
14%
Northwest TerritoriesChipewyan
14%
Northwest TerritoriesInuinnaqtun
14%
NunavutInuinnaqtun
14%
IndigenousInuit Sign Language
14%
IndigenousIroquoian
14%
IndigenousKutenai
14%
IndigenousNa-Dene
14%
IndigenousPlains Indian Sign Language
14%
IndigenousPlateau Sign Language
14%
IndigenousSalishan
14%
RegionalScottish Gaelic
14%
IndigenousSiouan
14%
IndigenousTsimshian
14%
IndigenousWakashan
14%

Score Distribution

Percentile by Number Answered

Percent of People with Each Score

Your Score History

You have not taken this quiz